| 000 | nam a22 a 4500 | ||
|---|---|---|---|
| 999 |
_c490256 _d490256 |
||
| 003 | BLK | ||
| 005 | 20230506024441.0 | ||
| 008 | 230327b bu |||||||||| 00| | bu d | ||
| 040 | _aBLK | ||
| 041 |
_aRUS _cRUS |
||
| 080 |
_aАмериканска литература (на САЩ) _b821.111(73) _x-93-311.3 _z821.111(73)-93-311.3 |
||
| 100 |
_aРид, Томас Майн _d1818-1883 _9365222 |
||
| 139 | _aРид, Томас Майн | ||
| 245 |
_aОцеола, вождь семинолов _bПовесть о стране цветов _cМайн Рид ; пер. с анг. Б. Б. Томашевского |
||
| 257 | _aSUN | ||
| 260 |
_9212424 _aМосква _bМеталлургия _c1983 |
||
| 300 |
_a383 с. _bс ил. _c20 см |
||
| 380 | _aDX | ||
| 490 |
_9458676 _aБиблиотека приключений _vТ. 17 |
||
| 700 |
_9766 _aТомашевский, Борис _eпер. с англ. |
||
| 856 |
_i0.00 _ldisable |
||
| 942 |
_cKNG _n0 _s1 |
||
| 944 |
_aCR _c2023-03-27 _kВП |
||